| 000 | 00599nam a22002057i 4500 | ||
|---|---|---|---|
| 999 |
_c22763 _d22763 |
||
| 003 | AR-CdUCM | ||
| 008 | 240118b20212021pe ||||| |||| 00| 0 spa d | ||
| 020 | _a978-612-00-5969-2 | ||
| 040 |
_aMUNICIPALIDAD PROVINCIAL DEL CUSCO _cBIBLIOTECA MUNICIPAL DEL CUSCO |
||
| 041 | _hspa | ||
| 082 |
_a869.56 / M5851 _bM5851 |
||
| 100 |
_aMilmayét, Jacobo _949251 |
||
| 245 | _aImágenes en la Ciénaga / | ||
| 260 |
_aCusco : _c2021 |
||
| 300 |
_a94 páginas. : _c20 cm. |
||
| 440 |
_aImágenes en la Ciénaga / _949330 |
||
| 505 | _aParte I, II.... | ||
| 942 |
_2ddc _cLIBROS |
||
| 945 |
_apbj _d18-01-2021 |
||